| 000 | 00543nam a22001937a 4500 | ||
|---|---|---|---|
| 003 | KOHA_MİRAKIL | ||
| 005 | 20250310175852.0 | ||
| 008 | 250310b tu ||||| |||| 00| 0 tur d | ||
| 020 | _a9786053424673 | ||
| 040 |
_aTR-AnABB _btur _cTR-AnABB |
||
| 041 | _atur | ||
| 082 |
_a813.42 _bŞEP 2020 |
||
| 100 | 1 | _aŞepitçi, Mehmet Sami, | |
| 245 | 1 | 0 |
_aYemen sızısı / _cMehmet Sami Şepitçi |
| 260 |
_aAnkara : _bAkçağ Yayınları, _c2020 |
||
| 300 |
_a320 sayfa ; _c20 cm |
||
| 650 | 0 | 4 | _aTürk edebiyatı, roman |
| 942 |
_2ddc _cBK |
||
| 999 |
_c8378 _d8378 |
||
| 900 | _bGizem YORULMAZ | ||